Music Quiz

Random Music Quiz

ONE DIRECTION Quiz Stats

 Plays Quiz not verified by Sporcle

Challenge
Share
Tweet
Embed
Score 0/20 Timer 05:00
0 Plays Today
% Correct
liam
100%
liam
100%
louis
98.9%
harry
98.9%
niall
98.9%
harry
98.9%
harry
98.9%
louis
98.9%
zayn
97.7%
zayn
97.7%
% Correct
x factor
29.9%
what makes you beautiful
19.5%
blue
9.2%
green
8%
red
8%
gotta be you
8%
purple
6.9%
pink
5.7%
louis,liam,zayn,niall,harry
4.6%
january 12 1993
2.3%

You're not logged in!

Compare scores with friends on all Sporcle quizzes.
Join for Free
OR
Log In

You Might Also Like...

Show Comments

Extras

Created Feb 11, 2013ReportNominate
Tags:direction, One Direction

Top Quizzes Today


Score Distribution

Your Account Isn't Verified!

In order to create a playlist on Sporcle, you need to verify the email address you used during registration. Go to your Sporcle Settings to finish the process.

Report this User

Report this user for behavior that violates our Community Guidelines.

Details: